000 00320nam a2200133Ia 4500
005 20251222155211.0
008 251222s9999||||xx |||||||||||||| ||spa||
082 _aETI.173
100 _aFRANCISCO ALVAREZ.
245 0 _aVerbos de vida viaje al centro de la salud
250 _a1ra. ed.
264 _bPPC
942 _cLIB
999 _c40288
_d40288